Análisis en microempresas familiares del ramo joyero en la Z.M.G que aplican programas de calidad : hacia una administración enfocada al desarrollo sustentable /
Furkejuvvon:
| Váldodahkki: | |
|---|---|
| Eará dahkkit: | |
| Materiálatiipa: | Oahppočájánas Girji |
| Giella: | espánnjágiella |
| Fáttát: | |
| Fáddágilkorat: |
Eai fáddágilkorat, Lasit vuosttaš fáddágilkora!
|
MARC
| LEADER | 00000nam^a2200000^a^4500 | ||
|---|---|---|---|
| 001 | 000123904 | ||
| 005 | 20250521000000.0 | ||
| 009 | 20260310094556.23 | ||
| 037 | |a Acervo ITESO - Biblioteca | ||
| 041 | |a ESP | ||
| 090 | |a LAE. 488 | ||
| 100 | |a Varela Ramírez, Alba Marcela |e (autor) | ||
| 245 | 1 | 0 | |a Análisis en microempresas familiares del ramo joyero en la Z.M.G que aplican programas de calidad : |b hacia una administración enfocada al desarrollo sustentable / |c A.M. Varela Ramírez, K.C. Carrillo Montejano. |
| 264 | |a Guadalajara, México : |b edición de autor, |c 2001 | ||
| 300 | |a 117 p. | ||
| 336 | |a texto |b txt |2 rdacontenido | ||
| 337 | |a sin mediación |b n |2 rdamedio | ||
| 338 | |a volumen |b nc |2 rdasoporte | ||
| 502 | |a ITESO Tesis de Licenciatura en Administración de Empresas | ||
| 649 | |a XX | ||
| 650 | |a Calidad Total | ||
| 650 | |a Organización Administrativa | ||
| 650 | |a Desarrollo Sustentable | ||
| 650 | |a Joyería - |z Guadalajara, Jalisco | ||
| 650 | |a Microempresa - |z Guadalajara, Jalisco. | ||
| 650 | |a Empresa Familiar | ||
| 650 | |a Economía | ||
| 650 | |a Administración | ||
| 650 | |a Ciencias Administrativas | ||
| 700 | |a Carrillo Montejano, Karla del Carmen |e (autor) | ||
| 910 | |a Fondo General | ||
| 920 | |a Impresos - Tesis del ITESO | ||
| 930 | |a Colección General | ||
| 905 | |a 104 | ||
| 901 | |a 0500057565 |b IT2 |c TSS |u 20250521 | ||
| 902 | |a https://opac.biblio.iteso.mx/vufind/Record/000123904 | ||